Responses for Show #7563 - Wednesday, June 28, 2017

Contestants

[<< previous game]

William Baldwin, a law student from New Haven, Connecticut

Nathan Flynn, an English teacher from Royal Oak, Michigan

Brandon Randall, a student from Provo, Utah (whose 2-day cash winnings total $42,002)

[next game >>]

Jeopardy! Round responses

PORTUGUESE HISTORY
BAGELS
MOOD MUSIC
5 OF 7 DEADLY SINS, IN SOME FORM
PAINTINGS
SURPRISE!
    $200 4
Columbus

Brandon
    $200 7
poppyseed

William
    $200 1
"Happy"

Nathan
    $200 21
rage (or anger)

Nathan
    $200 28
Isaac

Brandon
    $200 16
revelation

Nathan
    $1,000 8
(William: I'll make it a true Daily Double.)
(Alex: Okay.)
(William: I take it back. I meant, I'll bet a thousand.)
(Alex: All right. You corrected yourself in time.)

Rio de Janeiro

William
    $400 12
(Brandon: What is marmalade?)

lox (or smoked salmon)

BrandonWilliam
    $400 2
bittersweet

Nathan
    $400 22
envy

Brandon
    $400 24
The Night Watch

Nathan
    $400 17
Eureka

William
    $600 9
Islam

William
    $600 13
(Nathan: What is leavening?)

boiling

NathanWilliam
    $600 3
excited

William
    $600 23
lust

William
    $600 25
Van Gogh

William
    $600 18
a curveball

Nathan
    $800 10
Macau

William
    $800 14
Lender's

Triple Stumper
    $800 5
bored

Nathan
    $800 29
gluttony

William
    $800 26
the Nighthawks

William
    $800 19
a jolt

Brandon
    $1000 11
Henry the Navigator

Triple Stumper
    $1000 15
schmear

Nathan
    $1000 6
sadness

Brandon
    $1000 30
pride

William
    $1000 27
(Marcel) Duchamp

William
    $1000 20
an eye-opener

Triple Stumper

Scores at the first commercial break (after clue 15):

Brandon Nathan William
$800 $1,800 $4,200

Scores at the end of the Jeopardy! Round:

Brandon Nathan William
$2,200 $3,200 $9,400

Double Jeopardy! Round responses

HE PLAYED CHURCHILL
BAD-WORLD BOOKSHELF
NEWER WORDS & PHRASES
AFRICAN AMERICANS
BODIES OF WATER
"X" NOUNS
    $400 1
The Crown

Brandon
    $400 21
Planet of the Apes

Brandon
    $400 26
sanctuary cities

William
    $400 12
Malcolm X

Brandon
    $400 8
Hudson's Bay

William
    $400 4
the Xbox

Brandon
    $800 2
Colin Firth

Brandon
    $800 22
The Time Machine

William
    $800 27
"Kumbaya"

William
    $800 13
Thurgood Marshall

Nathan
    $800 9
the Volga

William
    $800 7
Xanax

William
    $1200 3
Doctor Who

Nathan
    $1200 23
Blindness

Nathan
    $1200 28
manic pixie dream girl

William
    $3,000 14
(Colin) Powell

Nathan
    $1200 10
the Gulf of Mexico

Brandon
    $1200 11
Xerxes

Brandon
    $1600 5
Richard Burton

Brandon
    $1600 24
Y: The Last Man

Triple Stumper
    $1600 29
(Brandon: What is racism?)

microaggressions

BrandonNathan
    $1600 19
(W.E.B.) Du Bois

Nathan
    $5,000 17
the Bosporous

William
    $1600 15
Xanadu

William
    $2000 6
Inglorious Basterds

Nathan
    $2000 25
Logan's Run

Triple Stumper
    $2000 30
(Nathan: What's the surrender cobra?)
...
(Alex: Either this or this.)

facepalming

Nathan
Triple Stumper
    $2000 20
Miles Davis

Nathan
    $2000 18
Brazos

Brandon
    $2000 16
xylem

William

Scores at the end of the Double Jeopardy! Round:

Brandon Nathan William
$9,000 $14,600 $23,200

[wagering suggestions for these scores]

Final Jeopardy! Round responses

ENTREPRENEURS
(Alex: [To Nathan] Mr. Disney didn't want people to know he was acquiring land because he knew they would raise the price.)
BrandonWho is Hoffa?
$8,999
NathanWho is Walt Disney?
$3,401
WilliamWho is Trump?
$6,001
Walt Disney

Final scores:

Brandon Nathan William
$1 $18,001 $17,199
3rd place: $1,000 New champion: $18,001 2nd place: $2,000

Game dynamics:

Coryat scores:

Brandon Nathan William
$9,000 $12,800 $19,200
14 R,
2 W
16 R
(including 1 DD),
2 W
24 R
(including 2 DDs),
0 W

Combined Coryat: $41,000

[game clues] [game scores] [suggest correction]

Game tape date: 2017-03-08
The J! Archive is created by fans, for fans. Scraping, republication, monetization, and malicious use prohibited; this site may use cookies and collect identifying information. See terms. The Jeopardy! game show and all elements thereof, including but not limited to copyright and trademark thereto, are the property of Jeopardy Productions, Inc. and are protected under law. This website is not affiliated with, sponsored by, or operated by Jeopardy Productions, Inc. Join the discussion at JBoard.tv.